000 00932nam a2200289 i 4500
001 000032263
003 DO-SdBNP
005 20250617125325.0
007 ta
008 110713t1921 dr 001 p spa d
040 _aDO-SdBNP
_bspa
_cBNPHU
_erda
041 _aspa
082 4 _aRD861.4
_bM843p
_222
100 1 _aMoreno Jimenes, Domingo,
_d1894-1986
_919534
_4aut.
_eautor
245 1 0 _aPsalmos /
_cD. Moreno Jimenes.
264 _aSanto Domingo :
_bImprenta la Cuna de América
_c1921.
300 _a92 páginas ;
_c23 cm.
336 _atexto
_btxt
_2rdacontent
337 _asin mediación
_bn
_2rdamedia
338 _avolumen
_bnc
_2rdacarrier
505 0 _aIncluye "En la colina sacra", entrevista a Moreno Jimenes sobre el postumismo.
590 _aInventariado, 2023/BT
650 4 _aPoesía dominicana
_966
650 4 _aLiteratura dominicana.
_967
910 _aValidado. Control de calidad EMS.
942 _2ddc
_cLBS1
999 _c31754
_d31754